Dopady zdaňovania právnických osôb na štátny rozpočet a podnikateľské prostredie v Slovenskej republike habilitačná prednáška

Saved in:
Bibliographic Details
Main Author: Kušnírová, Jana, 1977-
Corporate Author: Ekonomická univerzita v Bratislave. Národohospodárska fakulta
Format: Book
Language:Slovak
Published: Bratislava Vydavateľstvo EKONÓM 2021
Edition:1. vydanie
Series:Habilitačné a inauguračné prednášky
Subjects:
Tags: Add Tag
No Tags, Be the first to tag this record!

MARC

LEADER 00000nam a2200000 4500
001 0278949
005 20240306141951.8
020 |a 978-80-225-4848-9 
041 0 |a slo 
044 |a SK 
245 1 0 |a Dopady zdaňovania právnických osôb na štátny rozpočet a podnikateľské prostredie v Slovenskej republike  |b habilitačná prednáška  |c Jana Kušnírová 
250 |a 1. vydanie 
264 1 |a Bratislava  |b Vydavateľstvo EKONÓM  |c 2021 
300 |a 83 s. 
490 1 |a Habilitačné a inauguračné prednášky 
830 0 |a Habilitačné a inauguračné prednášky 
610 2 0 |a osoby právnické 
610 2 0 |a zdaňovanie 
610 2 0 |a rozpočet štátny 
610 2 0 |a prostredie podnikateľské 
610 2 0 |a politika daňová 
610 2 0 |a Slovensko 
100 1 |a Kušnírová, Jana, 1977- 
710 2 |a Ekonomická univerzita v Bratislave. Národohospodárska fakulta